[Event "Mittelfrank Regionalliga Sud-West 2223"]
[White "Graf, Oliver"]
[Black "Brunold, Guenter"]
[Site "Mittelfranken"]
[Round "1.7"]
[Result "0-1"]
[Date "2022.10.09"]
[WhiteElo "1933"]
[BlackElo "1932"]
[PlyCount "68"]
[EventDate "2022.10.09"]
[EventType "team-tourn"]
[EventRounds "9"]
[EventCountry "GER"]
[SourceTitle "EXT 2024"]
[Source "ChessBase"]
[SourceDate "2023.10.10"]
[SourceVersion "1"]
[SourceVersionDate "2023.10.10"]
[SourceQuality "1"]
[WhiteTeam "Bayern Muenchen IV"]
[BlackTeam "Kempten"]
[WhiteTeamCountry "GER"]
[BlackTeamCountry "GER"]

1. d4 e5 2. dxe5 Nc6 3. Nf3 f6 4. exf6 Nxf6 5. Nc3 Bb4 6. Bd2 d5 7. e3 0-0 8. Be2 a6 9. 0-0 Qe8 10. Nd4 Bd6 11. Nxc6 bxc6 12. f4 Bc5 13. Kh1 Qg6 14. Rf3 Nh5 15. Rf2 Nf6 16. Bd3 Qh6 17. Be2 Bd7 18. Bf3 Rae8 19. Qf1 Bxe3 20. Bxe3 Rxe3 21. Nd1 Re7 22. Re2 Ref7 23. Nf2 Qxf4 24. Nd3 Qd6 25. Ne5 Re7 26. Nxd7 Rxd7 27. Rf2 Rdf7 28. Qg1 Ne4 29. Re2 Ng5 30. Bg4 Rf4 31. Bh3 Qf6 32. Bd7 Ne4 33. g3 Rf2 34. Rae1 Qf3+ 0-1

[Event "Mittelfrank Regionalliga Sud-West 2122"]
[White "Pribyl, Felix"]
[Black "Brunold, Guenter"]
[Site "Mittelfranken"]
[Round "7.7"]
[Result "1/2-1/2"]
[Date "2022.04.03"]
[WhiteElo "1607"]
[BlackElo "1899"]
[PlyCount "117"]
[EventDate "2021.10.24"]
[EventType "team-tourn"]
[EventRounds "9"]
[EventCountry "GER"]
[SourceTitle "EXT 2024"]
[Source "ChessBase"]
[SourceDate "2023.10.10"]
[SourceVersion "1"]
[SourceVersionDate "2023.10.10"]
[SourceQuality "1"]
[WhiteTeam "Haunstetten II"]
[BlackTeam "Kempten"]
[WhiteTeamCountry "GER"]
[BlackTeamCountry "GER"]

1. d4 e5 2. dxe5 Nc6 3. Nf3 f6 4. exf6 Nxf6 5. Bg5 h6 6. Bxf6 Qxf6 7. c3 g5 8. e3 g4 9. Nd4 d5 10. Be2 h5 11. Nxc6 Qxc6 12. Nd2 Bd7 13. h3 Rg8 14. hxg4 hxg4 15. Qc2 0-0-0 16. 0-0-0 Qf6 17. f4 Bc5 18. Nf1 Qe6 19. Rd3 Bb5 20. Rd2 Be8 21. Bd3 Qb6 22. Re2 Qf6 23. g3 Bc6 24. Rh4 Bd7 25. e4 dxe4 26. Bxe4 Qf7 27. Qb3 Qxb3 28. axb3 Rh8 29. Rxh8 Rxh8 30. Rh2 Re8 31. Bd3 Kd8 32. Kd2 Bc6 33. Re2 Rh8 34. Re5 Bd6 35. Rg5 Bf3 36. Be2 Be7 37. Rg7 Rh1 38. Rg8+ Kd7 39. Bxf3 gxf3 40. Ke1 Bc5 41. Rg5 Bb6 42. Rd5+ Ke6 43. Rd3 f2+ 44. Ke2 Kf5 45. Rd5+ Kf6 46. Rd1 Rg1 47. Nd2 Kf5 48. Rf1 Rxg3 49. Nc4 Kxf4 50. Nxb6 Re3+ 51. Kxf2 Rf3+ 52. Ke2 Rxf1 53. Kxf1 axb6 54. Ke2 Ke4 55. Kd2 b5 56. b4 b6 57. Ke2 c5 58. bxc5 bxc5 59. Kd2 1/2-1/2